[Event "Quebec op Open"]
[Site "Montreal CAN"]
[Date "2010.07.25"]
[Round "3"]
[White "Giroux, Robert"]
[Black "Beaini, Massoud"]
[Result "1-0"]
[WhiteElo "2062"]
[BlackElo "1450"]
[PlyCount "95"]
[EventDate "2010.07.24"]
[EventType "swiss"]
[EventRounds "9"]
[EventCountry "CAN"]

1. d4 Nf6 2. Nf3 e6 3. e3 d5 4. Bd3 c5 5. b3 Nc6 6. Bb2 Nb4 7. Be2 Qc7 8. a3
Nc6 9. O-O cxd4 10. exd4 Bd6 11. Nbd2 O-O 12. c4 Re8 13. Rc1 Bd7 14. c5 Bf4 15.
b4 a6 16. g3 Bh6 17. Ne5 Ne4 18. f4 Nxe5 19. dxe5 Bc6 20. Nxe4 dxe4 21. Qd6 Qd8
22. Qxd8 Raxd8 23. Rcd1 Ba4 24. Rd6 Kf8 25. h4 g6 26. Kf2 Ke7 27. Ke3 Bc6 28.
Bd1 Bg7 29. Bc2 f5 30. exf6+ Bxf6 31. Bxf6+ Kxf6 32. Rxd8 Rxd8 33. Rd1 Rxd1 34.
Bxd1 e5 35. Bg4 h6 36. Bc8 exf4+ 37. gxf4 g5 38. fxg5+ hxg5 39. h5 Kg7 40. Bg4
Kh6 41. Be2 Be8 42. Kxe4 Bxh5 43. Bxh5 Kxh5 44. a4 Kg6 45. b5 axb5 46. axb5 Kf6
47. c6 bxc6 48. b6 1-0

[Event "Quebec op Open"]
[Site "Montreal CAN"]
[Date "2010.07.25"]
[Round "3"]
[White "Hajiyev, Elshad"]
[Black "Auger, Bertrand"]
[Result "1-0"]
[WhiteElo "2121"]
[BlackElo "1950"]
[PlyCount "55"]
[EventDate "2010.07.24"]
[EventType "swiss"]
[EventRounds "9"]
[EventCountry "CAN"]

1. d4 d5 2. Nf3 Nf6 3. Bg5 Ne4 4. Bf4 c5 5. e3 Nc6 6. c3 Bg4 7. Be2 e6 8. O-O
cxd4 9. Nxd4 Bxe2 10. Qxe2 Nxd4 11. exd4 Bd6 12. Bxd6 Nxd6 13. Nd2 O-O 14. Rfe1
Rc8 15. Qg4 Nc4 16. Nxc4 Rxc4 17. Re3 Qc7 18. Rae1 b5 19. Rg3 g6 20. h4 h5 21.
Qf3 Kg7 22. Re5 Rh8 23. Qd3 Rc8 24. Rxh5 Qf4 25. Rhg5 Qe4 26. Qxe4 dxe4 27.
Rxb5 Kf6 28. Rg4 1-0

[Event "Quebec op Open"]
[Site "Montreal CAN"]
[Date "2010.07.25"]
[Round "3"]
[White "Larochelle, Martial"]
[Black "Ah-Lan, Kenny"]
[Result "0-1"]
[WhiteElo "2208"]
[BlackElo "2094"]
[PlyCount "102"]
[EventDate "2010.07.24"]
[EventType "swiss"]
[EventRounds "9"]
[EventCountry "CAN"]

1. d4 d5 2. Nf3 Nf6 3. c4 c6 4. e3 e6 5. Nbd2 Nbd7 6. Bd3 b6 7. O-O Bb7 8. b3
Be7 9. Bb2 O-O 10. Qe2 Qc7 11. Rac1 Rad8 12. Ne5 c5 13. f4 Qb8 14. Rcd1 Qa8 15.
Bb1 Ne4 16. Nxe4 dxe4 17. Nxd7 Rxd7 18. d5 f5 19. dxe6 Rxd1 20. Rxd1 Bc8 21. g4
Bxe6 22. gxf5 Bxf5 23. Rd5 Qc6 24. Qg2 Qg6 25. Qxg6 hxg6 26. Be5 Kf7 27. Bd6
Rd8 28. Be5 Rh8 29. Bb2 Bf6 30. Bxf6 gxf6 31. Rd1 Ke6 32. Bc2 Rh3 33. Re1 Kd6
34. Kg2 Rh8 35. Kg3 Kc6 36. h4 Rd8 37. Re2 b5 38. cxb5+ Kxb5 39. Rh2 Kb4 40. h5
gxh5 41. Rxh5 Rg8+ 42. Kf2 Bg4 43. Rd5 Bf3 44. a3+ Kc3 45. Rxc5+ Kd2 46. Rc4 f5
47. Rc5 Rg2+ 48. Kf1 Kxe3 49. Bd1 Ra2 50. Bxf3 Kxf3 51. Kg1 e3 0-1

[Event "Quebec op Open"]
[Site "Montreal CAN"]
[Date "2010.07.25"]
[Round "3"]
[White "Le Duin, Thierry"]
[Black "Khassanov, Marat"]
[Result "0-1"]
[WhiteElo "2002"]
[BlackElo "2303"]
[PlyCount "62"]
[EventDate "2010.07.24"]
[EventType "swiss"]
[EventRounds "9"]
[EventCountry "CAN"]

1. d4 Nf6 2. Nf3 e6 3. Bg5 h6 4. Bh4 c5 5. c3 cxd4 6. Nxd4 a6 7. Nd2 d5 8. e3
e5 9. N4b3 Nc6 10. Nf3 Be6 11. Be2 Be7 12. Qc2 O-O 13. O-O b5 14. Rfd1 Qb6 15.
Rac1 Rac8 16. Qb1 Rfd8 17. h3 Qa7 18. Kh1 Ne4 19. Bxe7 Nxf2+ 20. Kg1 Qxe3 21.
Bc5 d4 22. Re1 Ne4+ 23. Kh2 Qf4+ 24. Kg1 Bxb3 25. Bb6 Bd5 26. Bxd8 Rxd8 27.
cxd4 Nxd4 28. Bd1 Nd2 29. Qd3 N2xf3+ 30. Bxf3 Nxf3+ 31. gxf3 Qg3+ 0-1

[Event "Quebec op Open"]
[Site "Montreal CAN"]
[Date "2010.07.25"]
[Round "3"]
[White "Leutschaft, Martin"]
[Black "Gagnon, Serge"]
[Result "1-0"]
[WhiteElo "2133"]
[BlackElo "2072"]
[PlyCount "57"]
[EventDate "2010.07.24"]
[EventType "swiss"]
[EventRounds "9"]
[EventCountry "CAN"]

1. e4 d6 2. d4 Nf6 3. Nc3 g6 4. f4 Bg7 5. Nf3 O-O 6. Be2 c6 7. O-O d5 8. e5
Nfd7 9. Be3 Na6 10. Kh1 Nb6 11. b3 Nc7 12. a4 f5 13. Qe1 Ne6 14. Qh4 Rf7 15. a5
Nd7 16. Bd3 Ndf8 17. Ne2 Bd7 18. h3 h6 19. Qe1 Nh7 20. g4 Nef8 21. Nh4 e6 22.
Rg1 Be8 23. gxf5 gxf5 24. Qg3 Rc8 25. Bxf5 exf5 26. Nxf5 Kh8 27. Nxg7 Bd7 28.
Ne8 Ng6 29. Nd6 1-0

[Event "Quebec op Open"]
[Site "Montreal CAN"]
[Date "2010.07.25"]
[Round "3"]
[White "Libersan, Thierry"]
[Black "Robidas, Francois"]
[Result "1-0"]
[WhiteElo "2118"]
[BlackElo "2002"]
[PlyCount "57"]
[EventDate "2010.07.24"]
[EventType "swiss"]
[EventRounds "9"]
[EventCountry "CAN"]

1. e4 Nf6 2. e5 Nd5 3. d4 d6 4. c4 Nb6 5. Nf3 Bg4 6. exd6 cxd6 7. Nc3 g6 8. h3
Bxf3 9. Qxf3 Bg7 10. Be3 Nc6 11. Rd1 O-O 12. c5 Nc8 13. Bb5 Qc7 14. O-O e6 15.
Qg3 Qe7 16. d5 exd5 17. Nxd5 Qe5 18. Bf4 Qxb2 19. Bxc6 bxc6 20. Rb1 Qxb1 21.
Rxb1 cxd5 22. cxd6 Rd8 23. Rb7 Bf8 24. Qf3 Bxd6 25. Bg5 Rf8 26. Bh6 Ne7 27. Qf6
Nf5 28. Bxf8 Rxf8 29. g4 1-0

[Event "Quebec op Open"]
[Site "Montreal CAN"]
[Date "2010.07.25"]
[Round "3"]
[White "Luksza, Arkadiusz"]
[Black "Charbonneau, Anne-Marie"]
[Result "1/2-1/2"]
[WhiteElo "2195"]
[BlackElo "1978"]
[PlyCount "70"]
[EventDate "2010.07.24"]
[EventType "swiss"]
[EventRounds "9"]
[EventCountry "CAN"]

1. d4 Nf6 2. c4 e6 3. Nc3 d5 4. Bg5 Be7 5. Nf3 O-O 6. e3 h6 7. Bh4 b6 8. cxd5
exd5 9. Bd3 Be6 10. Rc1 Nbd7 11. O-O c5 12. Ne5 Nxe5 13. dxe5 Ng4 14. Bxe7 Qxe7
15. Be2 Nxe5 16. Nxd5 Qb7 17. Nf4 Rad8 18. Qc2 Bd7 19. Qc3 Qb8 20. Nh5 f6 21.
f4 Nc6 22. Qc4+ Kh8 23. Qc2 Be8 24. Ng3 Nb4 25. Qb1 Bf7 26. a3 Nd5 27. Rf3 Rfe8
28. Kf2 Qb7 29. Bb5 Rxe3 30. Rxe3 Nxe3 31. Kxe3 Qxg2 32. Qc2 Qd5 33. Ke2 Qg2+
34. Ke3 Qd5 35. Ke2 Qg2+ 1/2-1/2

[Event "Quebec op Open"]
[Site "Montreal CAN"]
[Date "2010.07.25"]
[Round "3"]
[White "Malette, Martin"]
[Black "Cvetkovic, Simeon"]
[Result "0-1"]
[WhiteElo "1981"]
[BlackElo "1901"]
[PlyCount "54"]
[EventDate "2010.07.24"]
[EventType "swiss"]
[EventRounds "9"]
[EventCountry "CAN"]

1. d4 Nf6 2. c4 e6 3. Nc3 d5 4. Bg5 Be7 5. e3 O-O 6. Nf3 Nbd7 7. Rc1 Re8 8. Be2
dxc4 9. Bxc4 c5 10. O-O a6 11. dxc5 Nxc5 12. Qc2 b5 13. Be2 Qb6 14. Bxf6 gxf6
15. Ne4 Nxe4 16. Qxe4 Bb7 17. Qg4+ Kh8 18. Qh5 Kg7 19. a4 Be4 20. axb5 Bg6 21.
Qg4 axb5 22. Nd4 Ra4 23. h4 h5 24. Qg3 Bd6 25. Qf3 Rxd4 26. Qc6 Rxh4 27. g3
Qxc6 0-1

[Event "Quebec op Open"]
[Site "Montreal CAN"]
[Date "2010.07.25"]
[Round "3"]
[White "Pepin, Christian"]
[Black "Khaziyeva, Dinara"]
[Result "0-1"]
[WhiteElo "1964"]
[BlackElo "2158"]
[PlyCount "38"]
[EventDate "2010.07.24"]
[EventType "swiss"]
[EventRounds "9"]
[EventCountry "CAN"]

1. e4 d6 2. d4 Nf6 3. Nc3 Nbd7 4. Nf3 e5 5. d5 Nc5 6. Bb5+ Bd7 7. Bxd7+ Qxd7 8.
Nd2 a5 9. Qe2 Be7 10. O-O O-O 11. Nb3 Nxb3 12. axb3 Rfb8 13. Ra2 b5 14. Qd3 b4
15. Ne2 c6 16. c4 bxc3 17. dxc6 Qxc6 18. Nxc3 Rxb3 19. Nd5 Qxd5 0-1

[Event "Quebec op Open"]
[Site "Montreal CAN"]
[Date "2010.07.25"]
[Round "3"]
[White "Plante, Michel"]
[Black "MacKinnon, Keith"]
[Result "0-1"]
[WhiteElo "2108"]
[BlackElo "2280"]
[PlyCount "46"]
[EventDate "2010.07.24"]
[EventType "swiss"]
[EventRounds "9"]
[EventCountry "CAN"]

1. d4 Nf6 2. Nf3 e6 3. e3 b6 4. Bd3 Bb7 5. O-O Be7 6. b3 O-O 7. Nbd2 c5 8. Bb2
Nc6 9. a3 Qc7 10. c4 cxd4 11. exd4 d5 12. Rc1 dxc4 13. bxc4 Rad8 14. Nb3 Rd7
15. Bb1 Rfd8 16. Qc2 g6 17. Rfe1 Qf4 18. Rcd1 Rc8 19. Bc1 Qg4 20. h3 Qh5 21.
Ne5 Nxe5 22. Rxe5 Rxc4 23. Qd2 Rcxd4 0-1

[Event "Quebec op Open"]
[Site "Montreal CAN"]
[Date "2010.07.25"]
[Round "3"]
[White "Poulin, Mathieu"]
[Black "Laurain, Guy"]
[Result "1/2-1/2"]
[WhiteElo "2078"]
[BlackElo "2148"]
[PlyCount "108"]
[EventDate "2010.07.24"]
[EventType "swiss"]
[EventRounds "9"]
[EventCountry "CAN"]

1. d4 Nf6 2. c4 d6 3. Nc3 g6 4. e4 Bg7 5. f3 c6 6. Be3 a6 7. Qd2 b5 8. b3 Nbd7
9. Rc1 O-O 10. Bd3 Bb7 11. Nge2 Rc8 12. O-O e5 13. d5 cxd5 14. Nxd5 Nxd5 15.
cxd5 Nc5 16. Bc2 Re8 17. b4 Nd7 18. Bb3 Nb6 19. Rxc8 Bxc8 20. Rc1 Bd7 21. Qc2
Na8 22. a4 Bf6 23. Ra1 Bg5 24. Bf2 Qb8 25. h4 Rc8 26. Qb2 Bh6 27. a5 Nc7 28. g4
f6 29. Kg2 Ne8 30. Bb6 Bf8 31. Qd2 Ng7 32. Ng3 h5 33. gxh5 gxh5 34. Bc2 Qb7 35.
Bd3 Kh7 36. f4 Bg4 37. fxe5 fxe5 38. Rf1 Qe7 39. Be2 Bxe2 40. Qxe2 Qe8 41. Rf3
Qg6 42. Be3 Be7 43. Kh2 Rg8 44. Nf5 Nxf5 45. exf5 Qg4 46. f6 Bxf6 47. Bg5 Bxg5
48. hxg5 Qxg5 49. Rf7+ Rg7 50. Qf2 h4 51. Rf3 Qg3+ 52. Qxg3 Rxg3 53. Rf6 Rg6
54. Rf7+ Rg7 1/2-1/2

[Event "Quebec op Open"]
[Site "Montreal CAN"]
[Date "2010.07.25"]
[Round "3"]
[White "Robichaud, Louis"]
[Black "Enkh-Amar, Galbadrakh"]
[Result "1-0"]
[WhiteElo "2025"]
[BlackElo "2146"]
[PlyCount "89"]
[EventDate "2010.07.24"]
[EventType "swiss"]
[EventRounds "9"]
[EventCountry "CAN"]

1. e4 c6 2. d3 d5 3. Nd2 g6 4. Ngf3 Bg7 5. g3 Nd7 6. Bg2 e6 7. O-O Ne7 8. Re1
O-O 9. e5 c5 10. Nf1 Nc6 11. Bf4 h6 12. h4 Kh7 13. c3 b5 14. N1h2 f5 15. exf6
Nxf6 16. Ne5 Nxe5 17. Bxe5 a6 18. a4 b4 19. cxb4 cxb4 20. Qd2 a5 21. Rac1 Ra7
22. Bh3 Raf7 23. Bd4 Nh5 24. Bxg7 Nxg7 25. Ng4 Nf5 26. Ne5 Nd4 27. f4 Rc7 28.
Qf2 Nb3 29. Rxc7+ Qxc7 30. Nf3 Re8 31. f5 gxf5 32. Bxf5+ Kh8 33. Bg6 Rf8 34.
Kh2 Qg7 35. h5 Qf6 36. Qe3 Qxb2+ 37. Re2 Qg7 38. Ne5 d4 39. Qg1 Bb7 40. Rf2 Qe7
41. Bf5 Kg7 42. Ng6 Rxf5 43. Rxf5 Qc7 44. Rf2 Nc5 45. Qf1 1-0

[Event "Quebec op Open"]
[Site "Montreal CAN"]
[Date "2010.07.25"]
[Round "3"]
[White "Rosen, Matthew"]
[Black "Zhu, Hong Rui"]
[Result "1-0"]
[WhiteElo "2113"]
[BlackElo "1885"]
[PlyCount "107"]
[EventDate "2010.07.24"]
[EventType "swiss"]
[EventRounds "9"]
[EventCountry "CAN"]

1. d4 d5 2. Nf3 Nf6 3. e3 e6 4. Nbd2 Nbd7 5. Bd3 Bd6 6. O-O c5 7. b3 O-O 8. Bb2
Qc7 9. c4 b6 10. Rc1 Bb7 11. Qe2 Rac8 12. cxd5 Nxd5 13. a3 Qb8 14. Ne5 N5f6 15.
f4 Rfd8 16. Ndc4 Be7 17. Nxd7 Rxd7 18. Ne5 Rdd8 19. f5 cxd4 20. Rxc8 Rxc8 21.
exd4 Bd5 22. Bc4 Qd6 23. fxe6 Bxe6 24. Qf3 Bxc4 25. bxc4 Qc7 26. h3 h6 27. Qf5
Re8 28. Re1 Bd6 29. Qd3 Qd8 30. Qc3 Nd7 31. Nf3 Rxe1+ 32. Qxe1 Qe7 33. Qxe7
Bxe7 34. Kf2 f5 35. Ke3 Kf7 36. Kf4 g6 37. Ne5+ Nxe5 38. Kxe5 Bf8 39. Kd5 g5
40. Ke5 f4 41. Kf5 a5 42. a4 Bg7 43. Ke4 Bf8 44. d5 Bc5 45. Bd4 Bxd4 46. Kxd4
Kf6 47. Ke4 h5 48. h4 f3 49. hxg5+ Kxg5 50. Kxf3 Kf5 51. Kg3 Ke5 52. Kh4 Kd6
53. Kxh5 b5 54. cxb5 1-0

[Event "Quebec op Open"]
[Site "Montreal CAN"]
[Date "2010.07.25"]
[Round "3"]
[White "Sasseville, Jean"]
[Black "Oussedik, Elias"]
[Result "1-0"]
[WhiteElo "1938"]
[BlackElo "2154"]
[PlyCount "37"]
[EventDate "2010.07.24"]
[EventType "swiss"]
[EventRounds "9"]
[EventCountry "CAN"]

1. Nf3 Nf6 2. c4 c5 3. Nc3 b6 4. g3 Bb7 5. Bg2 e6 6. O-O Be7 7. Re1 a6 8. e4 d6
9. d4 cxd4 10. Nxd4 Qc7 11. Be3 O-O 12. Rc1 Nbd7 13. f4 Nc5 14. Bf2 Rfd8 15. g4
e5 16. Nf5 exf4 17. b4 d5 18. Nxd5 Ncxe4 19. Nxc7 1-0

[Event "Quebec op Open"]
[Site "Montreal CAN"]
[Date "2010.07.25"]
[Round "3"]
[White "Yao, Houji"]
[Black "Deschamps, Richard"]
[Result "0-1"]
[WhiteElo "1669"]
[BlackElo "2008"]
[PlyCount "116"]
[EventDate "2010.07.24"]
[EventType "swiss"]
[EventRounds "9"]
[EventCountry "CAN"]

1. e4 g6 2. d4 d6 3. Bc4 Nf6 4. Nc3 Bg7 5. Nge2 O-O 6. O-O c5 7. dxc5 Qc7 8.
Be3 Nbd7 9. f3 Nxc5 10. Bb3 Bd7 11. Qd2 Rac8 12. Bh6 a5 13. Bxg7 Kxg7 14. a3
Nxb3 15. cxb3 Qb6+ 16. Qd4 Qxb3 17. Nd5 Rc4 18. Qe3 Qxb2 19. Rab1 Qe5 20. Nxf6
exf6 21. Rxb7 Bc6 22. Rb3 Bxe4 23. Rc3 Rxc3 24. Nxc3 Bc6 25. Re1 Re8 26. Qxe5
fxe5 27. Rd1 Rd8 28. Nd5 f5 29. Kf2 Kf7 30. Ke3 Ke6 31. Nc7+ Kd7 32. Nd5 Bxd5
33. Rxd5 Ra8 34. g4 a4 35. Rd3 Rb8 36. gxf5 gxf5 37. Rc3 Rb3 38. Kd2 Rxc3 39.
Kxc3 Kc6 40. Kb4 e4 41. fxe4 fxe4 42. Kc4 d5+ 43. Kd4 Kd6 44. h3 h6 45. Ke3 Ke5
46. Ke2 Kf4 47. Kf2 d4 48. Ke2 e3 49. Ke1 Kf3 50. h4 d3 51. h5 d2+ 52. Kd1 Kf2
53. Kc2 Ke2 54. Kb2 d1=Q 55. Ka2 Qd2+ 56. Ka1 Kd3 57. Kb1 Kc3 58. Ka1 Qb2# 0-1

[Event "Quebec op Open"]
[Site "Montreal CAN"]
[Date "2010.07.26"]
[Round "4"]
[White "Acosta, Mariano"]
[Black "Sasseville, Jean"]
[Result "1-0"]
[WhiteElo "2261"]
[BlackElo "1938"]
[PlyCount "35"]
[EventDate "2010.07.24"]
[EventType "swiss"]
[EventRounds "9"]
[EventCountry "CAN"]

1. b3 f5 2. Nf3 Nf6 3. e3 g6 4. c4 Bg7 5. d4 O-O 6. Nbd2 d6 7. Bd3 e5 8. Be2 e4
9. Ng5 h6 10. Nh3 g5 11. Bb2 f4 12. exf4 Bxh3 13. fxg5 e3 14. fxe3 Bd7 15. gxf6
Qxf6 16. Bf3 Nc6 17. O-O Rae8 18. Bxc6 1-0

[Event "Quebec op Open"]
[Site "Montreal CAN"]
[Date "2010.07.26"]
[Round "4"]
[White "Ah-Lan, Kenny"]
[Black "Nicula, Marius"]
[Result "0-1"]
[WhiteElo "2094"]
[BlackElo "2183"]
[PlyCount "62"]
[EventDate "2010.07.24"]
[EventType "swiss"]
[EventRounds "9"]
[EventCountry "CAN"]

1. d4 d5 2. c4 e6 3. Nf3 c6 4. Nc3 f5 5. g3 Nf6 6. Bg2 Bd6 7. O-O O-O 8. Qc2
Ne4 9. Rd1 Nd7 10. Bf4 Bxf4 11. gxf4 Rf6 12. Ne5 Rh6 13. Nxe4 fxe4 14. Qc3 Nxe5
15. dxe5 Qh4 16. Qg3 Qh5 17. Rd2 Bd7 18. h3 Rg6 19. Qe3 Rf8 20. Kh2 Be8 21.
Qxa7 Rxf4 22. Qb8 Qg5 23. Rg1 Rxf2 24. e3 Rf8 25. Re2 Qg3+ 26. Kh1 Rh6 27. Qxb7
Bh5 28. Rf1 Rxf1+ 29. Bxf1 Bf3+ 30. Bg2 Bxg2+ 31. Rxg2 Rxh3+ 0-1

[Event "Quebec op Open"]
[Site "Montreal CAN"]
[Date "2010.07.26"]
[Round "4"]
[White "Auger, Bertrand"]
[Black "Lemieux, Serge"]
[Result "1-0"]
[WhiteElo "1950"]
[BlackElo "1455"]
[PlyCount "43"]
[EventDate "2010.07.24"]
[EventType "swiss"]
[EventRounds "9"]
[EventCountry "CAN"]

1. Nf3 d5 2. g3 c5 3. Bg2 Nc6 4. d4 e6 5. O-O Nf6 6. c4 Bd7 7. cxd5 Nxd5 8. e4
Nf6 9. d5 Na5 10. Re1 h6 11. Nc3 Qb6 12. d6 O-O-O 13. e5 Ne8 14. b4 cxb4 15.
Be3 Qa6 16. Bf1 b5 17. Na4 Kb8 18. Nc5 Qc6 19. Nd2 Nc4 20. Nxc4 bxc4 21. Bg2
Qb5 22. a4 1-0

[Event "Quebec op Open"]
[Site "Montreal CAN"]
[Date "2010.07.26"]
[Round "4"]
[White "Beaini, Massoud"]
[Black "Pepin, Christian"]
[Result "0-1"]
[WhiteElo "1450"]
[BlackElo "1964"]
[PlyCount "38"]
[EventDate "2010.07.24"]
[EventType "swiss"]
[EventRounds "9"]
[EventCountry "CAN"]

1. d4 d5 2. c4 e6 3. Nc3 c5 4. cxd5 exd5 5. dxc5 d4 6. Ne4 Nc6 7. Nf3 Bf5 8.
Ng3 Bg6 9. a3 Bxc5 10. b4 Bb6 11. Bb2 h5 12. h4 a6 13. Nd2 Nf6 14. Rc1 O-O 15.
Nc4 Ba7 16. Rh3 Re8 17. Nh1 Qd7 18. Nd2 Rad8 19. Rf3 Ne5 0-1

[Event "Quebec op Open"]
[Site "Montreal CAN"]
[Date "2010.07.26"]
[Round "4"]
[White "Berube, Antoine"]
[Black "Khassanov, Marat"]
[Result "1/2-1/2"]
[WhiteElo "2093"]
[BlackElo "2303"]
[PlyCount "101"]
[EventDate "2010.07.24"]
[EventType "swiss"]
[EventRounds "9"]
[EventCountry "CAN"]

1. d4 d5 2. c4 Nc6 3. Nf3 Bg4 4. cxd5 Bxf3 5. gxf3 Qxd5 6. e3 e5 7. Nc3 Bb4 8.
Bd2 Bxc3 9. bxc3 Nf6 10. Bg2 O-O 11. O-O Qd6 12. Rb1 Rab8 13. f4 e4 14. c4 Rfe8
15. d5 Ne7 16. Bc3 Ng6 17. Qc2 Nh4 18. Bxf6 Nxg2 19. Kxg2 Qxf6 20. Kh1 b6 21.
Rbd1 Rbd8 22. Rd4 Qf5 23. f3 Qh3 24. Qg2 Qxg2+ 25. Kxg2 exf3+ 26. Kxf3 f5 27.
Re1 Kf7 28. e4 fxe4+ 29. Rdxe4 Rxe4 30. Rxe4 c6 31. Re5 cxd5 32. cxd5 Rd6 33.
Rh5 b5 34. Ke4 Ra6 35. Ke5 b4 36. Rxh7 Rxa2 37. Rh8 Re2+ 38. Kd4 b3 39. Ra8 Ra2
40. Rb8 Rd2+ 41. Kc3 Rxd5 42. Rxb3 a5 43. Ra3 Ke6 44. Kc4 Rf5 45. Kd3 g5 46.
Ke3 gxf4+ 47. Kf3 Kf6 48. Ra2 Kg5 49. Rg2+ Kh4 50. Rg8 Rf7 51. Re8 1/2-1/2

[Event "Quebec op Open"]
[Site "Montreal CAN"]
[Date "2010.07.26"]
[Round "4"]
[White "Carrier, Claude"]
[Black "Beaulieu, Pierre"]
[Result "1-0"]
[WhiteElo "1939"]
[BlackElo "1985"]
[PlyCount "131"]
[EventDate "2010.07.24"]
[EventType "swiss"]
[EventRounds "9"]
[EventCountry "CAN"]

1. e4 b6 2. d4 Bb7 3. Nc3 e6 4. f4 Bb4 5. Bd3 Nf6 6. Qe2 d5 7. e5 Ne4 8. Bxe4
dxe4 9. a3 Bxc3+ 10. bxc3 Qd5 11. Be3 Ba6 12. Qf2 Qc4 13. Ne2 Nc6 14. Bd2 Na5
15. Qe3 Qd5 16. Ng3 Bb7 17. Rg1 O-O-O 18. Qe2 Nc4 19. Nf1 Qb5 20. Ne3 Qb2 21.
Kf2 Nxa3 22. Qh5 g6 23. Qg5 c5 24. Rxa3 Qxa3 25. Nc4 e3+ 26. Bxe3 Qxc3 27. Nd6+
Rxd6 28. exd6 cxd4 29. Bc1 Rd8 30. Qe7 Qc6 31. Ba3 Qd7 32. Qf6 Kb8 33. Qxd4 Rc8
34. c4 Ba6 35. c5 bxc5 36. Rb1+ Ka8 37. Bxc5 Bb5 38. Ra1 a6 39. Qe4+ Qb7 40.
Qxb7+ Kxb7 41. Bd4 Rc4 42. Rd1 Kc8 43. Ke3 Kd7 44. Be5 Rc2 45. Rd2 Rc1 46. g4
Rc4 47. g5 Rc8 48. Rg2 Rc1 49. Rg3 Kc8 50. Rh3 a5 51. Rxh7 Be8 52. h4 Rh1 53.
Rh8 Kd7 54. Kf2 a4 55. Kg2 Rd1 56. h5 gxh5 57. g6 fxg6 58. Rh7+ Kc6 59. Rc7+
Kb5 60. Re7 Bc6+ 61. Kf2 Be4 62. Ke2 Rd5 63. Rb7+ Kc6 64. Rc7+ Kb6 65. Ke3 Bd3
66. Bd4+ 1-0

[Event "Quebec op Open"]
[Site "Montreal CAN"]
[Date "2010.07.26"]
[Round "4"]
[White "Charbonneau, Anne-Marie"]
[Black "Ramaswamy, Kishor"]
[Result "0-1"]
[WhiteElo "1978"]
[BlackElo "2178"]
[PlyCount "150"]
[EventDate "2010.07.24"]
[EventType "swiss"]
[EventRounds "9"]
[EventCountry "CAN"]

1. d4 d5 2. c4 c6 3. Nf3 Nf6 4. e3 a6 5. c5 Nbd7 6. Nc3 Qc7 7. Be2 e5 8. O-O
Be7 9. a3 O-O 10. b4 Re8 11. Bb2 e4 12. Nd2 Nf8 13. f3 exf3 14. Bxf3 Be6 15. e4
dxe4 16. Ndxe4 Nd5 17. Nxd5 Bxd5 18. Nd2 Rad8 19. Bh5 Bf6 20. Nf3 Ne6 21. Ne5
Nxd4 22. Rxf6 gxf6 23. Ng4 Ne2+ 24. Qxe2 Rxe2 25. Nxf6+ Kf8 26. Bxe2 h6 27.
Nh7+ Ke8 28. Nf6+ Ke7 29. Re1 Be6 30. Ne4 Kf8 31. Nd6 Qe7 32. Rf1 Rxd6 33. cxd6
Qxd6 34. Rd1 Qf4 35. Bd4 Bd5 36. Bc5+ Ke8 37. Rd3 Qc1+ 38. Kf2 Qf4+ 39. Kg1 Bc4
40. Re3+ Kd8 41. Bxc4 Qxc4 42. Kf2 Qb5 43. Re5 Qc4 44. Re3 Qh4+ 45. Kg1 f5 46.
g3 Qc4 47. Kg2 Qc2+ 48. Kg1 Qd2 49. Rf3 Qd1+ 50. Kg2 Qe2+ 51. Rf2 Qe4+ 52. Kg1
Ke8 53. Rf4 Qd3 54. Rh4 Kf7 55. Rd4 Qb1+ 56. Kg2 Ke6 57. Rd6+ Ke5 58. Rd7 Qc2+
59. Kg1 Ke4 60. Rd4+ Ke5 61. Rd7 Qc1+ 62. Kg2 Qb2+ 63. Kg1 Ke4 64. Re7+ Kf3 65.
Re3+ Kg4 66. h4 f4 67. gxf4 Kxf4 68. Kf1 Qc1+ 69. Ke2 Qc2+ 70. Ke1 Qxc5 71.
bxc5 Kxe3 72. Kd1 Kd4 73. Ke2 Kxc5 74. Kf3 b5 75. Kf4 a5 0-1

[Event "Quebec op Open"]
[Site "Montreal CAN"]
[Date "2010.07.26"]
[Round "4"]
[White "Cvetkovic, Simeon"]
[Black "Plante, Michel"]
[Result "1-0"]
[WhiteElo "1901"]
[BlackElo "2108"]
[PlyCount "75"]
[EventDate "2010.07.24"]
[EventType "swiss"]
[EventRounds "9"]
[EventCountry "CAN"]

1. e4 d6 2. d4 Nf6 3. Nc3 e5 4. Nge2 Be7 5. g3 Bg4 6. Bg2 exd4 7. Qxd4 Nc6 8.
Qa4 O-O 9. O-O a6 10. Nd4 Nxd4 11. Qxd4 c6 12. Be3 Qd7 13. Rfe1 Rad8 14. a4 Qc8
15. a5 Rfe8 16. Na4 Nd7 17. f4 Bf6 18. Qb4 d5 19. exd5 cxd5 20. c3 Be7 21. Qd4
Qc7 22. b4 h5 23. Qd3 g6 24. Bxd5 Nf6 25. Qxg6+ Kh8 26. Bxf7 Rf8 27. Qh6+ Nh7
28. Bb6 Qd6 29. Qxd6 Rxd6 30. Rxe7 Bh3 31. Bd4+ Nf6 32. Bb3 Rfd8 33. Rae1 Rxd4
34. cxd4 Rxd4 35. Nc5 Rxb4 36. Rd1 Nd7 37. Nxd7 Rxb3 38. Nf6 1-0

[Event "Quebec op Open"]
[Site "Montreal CAN"]
[Date "2010.07.26"]
[Round "4"]
[White "Deschamps, Richard"]
[Black "Hajiyev, Elshad"]
[Result "0-1"]
[WhiteElo "2008"]
[BlackElo "2121"]
[PlyCount "54"]
[EventDate "2010.07.24"]
[EventType "swiss"]
[EventRounds "9"]
[EventCountry "CAN"]

1. d4 d6 2. e4 Nf6 3. Nc3 Nbd7 4. f4 e5 5. Nf3 exd4 6. Nxd4 Nc5 7. Bd3 Bg4 8.
Nf3 c6 9. O-O d5 10. exd5 Nxd5 11. Nxd5 Qxd5 12. Qe2+ Qe6 13. Qxe6+ Bxe6 14. f5
Nxd3 15. fxe6 Bc5+ 16. Kh1 Nf2+ 17. Rxf2 Bxf2 18. exf7+ Kxf7 19. Bd2 Rhe8 20.
Rf1 Re2 21. Bc3 Kg8 22. h3 Rxc2 23. Kh2 Rf8 24. Rd1 Be3 25. Rd7 Rxf3 26. Rxg7+
Kf8 27. Rxb7 Bf4+ 0-1

[Event "Quebec op Open"]
[Site "Montreal CAN"]
[Date "2010.07.26"]
[Round "4"]
[White "Dumont, Felix"]
[Black "Zhu, Hong Rui"]
[Result "1-0"]
[WhiteElo "2070"]
[BlackElo "1885"]
[PlyCount "115"]
[EventDate "2010.07.24"]
[EventType "swiss"]
[EventRounds "9"]
[EventCountry "CAN"]

1. Nf3 c5 2. g3 Nc6 3. Bg2 g6 4. O-O Bg7 5. d3 e5 6. e4 Nge7 7. Nc3 d6 8. a4
O-O 9. Nh4 Rb8 10. Ne2 f5 11. Bg5 h6 12. Bxe7 Nxe7 13. exf5 g5 14. Ng6 Nxg6 15.
fxg6 Bf5 16. Bd5+ Kh8 17. Bf7 Qf6 18. Nc3 Bxg6 19. Bxg6 Qxg6 20. Rb1 a5 21. Qe1
Qe6 22. Qe4 Rf7 23. Rbe1 Rbf8 24. Nd5 h5 25. c4 Qh6 26. h3 Rf3 27. Re3 R3f7 28.
Kg2 Qe6 29. b3 Bh6 30. g4 h4 31. Ree1 Qd7 32. Qg6 Rh7 33. Nf6 Qf7 34. Qxh7+
Qxh7 35. Nxh7 Kxh7 36. Re4 Rf6 37. Rfe1 b6 38. R1e3 Kg6 39. Rf3 Bf8 40. Rxf6+
Kxf6 41. Kf3 Ke6 42. Re2 Be7 43. Ke4 Bf6 44. Re3 Bd8 45. Rf3 Be7 46. Rf5 Bf6
47. Rxf6+ Kxf6 48. Kd5 Ke7 49. Kc6 Ke6 50. Kxb6 e4 51. dxe4 Ke5 52. Kxa5 Kxe4
53. Kb5 Kf3 54. a5 Kg2 55. a6 Kxh3 56. a7 Kh2 57. a8=Q Kg1 58. Qf3 1-0

[Event "Quebec op Open"]
[Site "Montreal CAN"]
[Date "2010.07.26"]
[Round "4"]
[White "Enkh-Amar, Galbadrakh"]
[Black "Giroux, Robert"]
[Result "1-0"]
[WhiteElo "2146"]
[BlackElo "2062"]
[PlyCount "45"]
[EventDate "2010.07.24"]
[EventType "swiss"]
[EventRounds "9"]
[EventCountry "CAN"]

1. e4 e6 2. d4 d5 3. Nc3 Nf6 4. e5 Nfd7 5. f4 c5 6. Nf3 Nc6 7. Ne2 Be7 8. c3 a5
9. g3 Qc7 10. Bh3 f5 11. exf6 Nxf6 12. Ng5 Nd8 13. Be3 b6 14. O-O h6 15. Nf3
Nf7 16. Ne5 Nxe5 17. fxe5 Ne4 18. Nf4 Bg5 19. Qh5+ Kd8 20. Rae1 Qe7 21. Ng6
Bxe3+ 22. Rxe3 Re8 23. Nxe7 1-0